000 00459nam a2200181Ia 4500
001 17694
005 20260306171536.0
008 260306s9999||||xx |||||||||||||| ||und||
041 _aESP
082 _a658.15
_bF75
100 _aForsyth, Carlos Alberto
_eAUT
245 0 _aValoración de empresas:
_bmétodos y consistencias
260 _c2007
300 _axviii, 196 páginas :
_c23 cm.
650 _aGEN
654 _aCAN
942 _cLIB
_dJUS
_fJUS
_2ddc
_n
999 _c17694
_d17694